000 00641cam6a220018100 4500
001 zam00010156
008 970717n xx eng u
035 _a(Sirsi) r140156
040 _dUPRA
100 _aOSteraard, Tom.
_6A105220.1
245 1 0 _aSADCC-beyond transportation: The challenge of industrial cooperation.
260 _aUppsala :
_bSIAS,
_c1989.
520 _aThis book examines constraints to coordination of industrial development in the region.
650 4 _aEconomic Cooperation.
_6S59596.2
650 4 _aSADCC -- Transportation.
_xSADCC -- Transportation.
_6S76377.1
949 1 0 _mINESOR
_tBOOK
_lON-SHELF
004 140156
999 _c28788
_d28788